Tư tưởng của Lép Tônxtôi và lẽ sống /

Zapisane w:
Opis bibliograficzny
1. autor: Phạm Văn Chung
Format: Artykuł
Język:Vietnamese
Hasła przedmiotowe:
Etykiety: Dodaj etykietę
Nie ma etykietki, Dołącz pierwszą etykiete!
Thư viện lưu trữ: Thư viện Trường Đại học Đà Lạt
LEADER 00737nam a2200253 4500
001 DLU140163793
005 ##20140908
040 # # |a DLU  |b vie 
041 # # |a vie 
044 # # |a vn 
100 # # |a Phạm Văn Chung 
245 # # |a Tư tưởng của Lép Tônxtôi và lẽ sống /  |c Phạm Văn Chung 
653 # # |a Tônxtôi, L.(1828-1910) 
653 # # |a Tư tưởng 
773 # # |t Tạp chí Khoa học Xã hội Việt Nam  |g Số 4(53), 2012, tr. 17-24 
920 # # |a Phòng Tạp chí -- Trung tâm Thông tin - Thư viện Trường Đại học Đà Lạt 
994 # # |a DLU 
900 # # |a True 
911 # # |a Nguyễn Thị Tưởng 
925 # # |a G 
926 # # |a A 
927 # # |a BB 
980 # # |a Thư viện Trường Đại học Đà Lạt